000 00534nam a2200193 i 4500
001 45908
003 ES-MaACL
005 20230906161310.0
007 t|
008 030327s1934 fr ||||1| fre d
100 1 _aCollison Morley, L.
_939747
245 1 0 _aHistoire des Borgia /
_cL. Collison-Morley ; traduction de Theo Varlet.
260 _aParis :
_bPayot,
_c1934.
300 _a342 p. ;
_c23 cm.
600 3 4 _aBorgia (Familia)
_930482
700 1 _aVarlet, Theo.
_9200799
852 _aES-MaACL
_jA-4312
999 _c45908
_d45908